Agriculture, biodiversity and markets : (Record no. 19223)

000 -LEADER
fixed length control field 02178cam a22001934a 4500
020 ## - INTERNATIONAL STANDARD BOOK NUMBER
ISBN 9781844077762 (hardback)
020 ## - INTERNATIONAL STANDARD BOOK NUMBER
ISBN 1844077764 (hardback)
040 ## - CATALOGING SOURCE
Transcribing agency DLC
082 00 - DEWEY DECIMAL CLASSIFICATION NUMBER
Classification number 338 EAR 2010 C165 Or.
245 00 - TITLE STATEMENT
Title Agriculture, biodiversity and markets :
Remainder of title livelihoods and agroecology in comparative perspective /
260 ## - PUBLICATION, DISTRIBUTION, ETC. (IMPRINT)
Place of publication London ;
-- Washington :
Name of publisher Earthscan,
Year of publication 2010
300 ## - PHYSICAL DESCRIPTION
Number of Pages xvi, 318 p. :
Other physical details ill., maps ;
Dimensions 25 cm
520 ## - SUMMARY, ETC.
Summary, etc "Debate about how best to ensure the preservation of agricultural biodiversity is caught in a counter-productive polemic between proponents and critics of market-based instruments and agricultural modernisation. This book argues that neither position does justice to the range of strategies that farmers use to manage agrobiodiversity and other livelihood assets as they adapt to changing social, economic, and environmental circumstances. Chapters explore relationships between the exploitation and conservation of agricultural biodiversity and the livelihoods of agricultural communities, and evaluate the capacity of national and multilateral institutions and policy settings to support the protection and capture by communities of agrobiodiversity values. The place of ecosystem services in valuing biodiversity in the marketplace is emphasized. A number of authors assess the potential for market-based instruments and initiatives to encourage the protection of biodiversity, while others compare agrobiodiversity/community relationships, and the effectiveness of instruments designed to enhance these, across international boundaries. The book takes a comparative approach, drawing on empirical case studies from across the developed and developing worlds. In doing so, the book does not simply point to similarities and differences in the experience of rural communities. It also shows how global trade and multilateral institutions bring these otherwise disparate communities together in networks that exploit and/or preserve agrobiodiversity and other resources."--Back cover
650 #0 - SUBJECT ADDED ENTRY--TOPICAL TERM
Topical Term Agrobiodiversity
650 #0 - SUBJECT ADDED ENTRY--TOPICAL TERM
Topical Term Agrobiodiversity conservation
700 1# - ADDED ENTRY--PERSONAL NAME
Personal name Lockie, Stewart
700 1# - ADDED ENTRY--PERSONAL NAME
Personal name Carpenter, David
942 ## - ADDED ENTRY ELEMENTS (KOHA)
Koha item type សៀវភៅភាសាអង់គ្លេស
952 ## - LOCATION AND ITEM INFORMATION (KOHA)
Withdrawn status [LOCAL, KOHA] 0
Holdings
Permanent Location Date acquired Koha item type Lost status Shelving location Barcode Current Location Full call number
Library Block C2020-05-19សៀវភៅភាសាអង់គ្លេស C165A36753Library Block C338 EAR 2010 C165 Or.
មជ្ឈមណ្ឌលឯការនៃសាកលវិទ្យាល័យភូមិន្ទកសិកម្មចំការដូង

Powered by Koha